Loading...

Key philosophers in conversation : the Cogito interviews /

Bibliographic Details
Other Authors: Pyle, Andrew
Format: Printed Book
Language:English
Published: London ; New York : Routledge, 1999.
Subjects:
Online Access:http://www.loc.gov/catdir/enhancements/fy0649/98040026-d.html
LEADER 01155cam a2200265 a 4500
008 980805s1999 enk b 000 0 eng
020 |a 0415180368 (hc. : alk. paper) 
020 |a 0415180376 (pbk. : alk. paper) 
082 0 0 |a 190/.9/048  |2 21 
245 0 0 |a Key philosophers in conversation :  |b the Cogito interviews /  |c edited by Andrew Pyle. 
260 |a London ;  |a New York :  |b Routledge,  |c 1999. 
300 |a ix, 256 p. ;  |c 24 cm. 
504 |a Includes bibliographical references. 
650 0 |a Philosophers, Modern  |z Great Britain  |x Interviews. 
650 0 |a Philosophers, Modern  |z United States  |x Interviews. 
650 0 |a Philosophy. 
700 1 |a Pyle, Andrew. 
730 0 |a Cogito. 
856 4 2 |u http://www.loc.gov/catdir/enhancements/fy0649/98040026-d.html 
906 |a 7  |b cbc  |c orignew  |d 1  |e ocip  |f 19  |g y-gencatlg 
942 |c BK 
955 |a pc20 to sa00 08-05-98; sh14 08-05-98; sh06 08-12-98; sh38 08-13-98; CIP ver. ta06; to SL 04-25-00; sh42 ; to BCCD 07-26-00 
984 |a gsl 
999 |c 274231  |d 274231 
952 |0 0  |1 0  |2 ddc  |4 0  |6 190_000000000000000__9_048_KEY  |7 0  |9 308597  |a PHL  |b PHL  |c ST1  |d 2015-02-03  |i 3663  |l 0  |o 190/.9/048 KEY  |p PHL3663  |r 2015-02-03  |y BK